Technical Report Writing Today / (Record no. 564317)

000 -LEADER
fixed length control field 00509nam a2200157Ia 4500
008 - FIXED-LENGTH DATA ELEMENTS--GENERAL INFORMATION
fixed length control field 210430s9999 xx 000 0 und d
020 ## - INTERNATIONAL STANDARD BOOK NUMBER
International Standard Book Number 618433899
082 ## - DEWEY DECIMAL CLASSIFICATION NUMBER
Classification number 808.0666 R5851 T
100 ## - MAIN ENTRY--PERSONAL NAME
Personal name Daniel G Riordan, Steven E. Pauley
9 (RLIN) 128994
245 ## - TITLE STATEMENT
Title Technical Report Writing Today /
Statement of responsibility, etc. Daniel G Riordan
250 ## - EDITION STATEMENT
Edition statement 8th edition
260 ## - PUBLICATION, DISTRIBUTION, ETC.
Place of publication, distribution, etc. Islamabad
Name of publisher, distributor, etc. National Book Foundation
Date of publication, distribution, etc. 2010
300 ## - PHYSICAL DESCRIPTION
Extent 598p.
856 ## - ELECTRONIC LOCATION AND ACCESS
Uniform Resource Identifier <a href="http://www.amazon.com/exec/obidos/ASIN/0618433899/chopaconline-20">http://www.amazon.com/exec/obidos/ASIN/0618433899/chopaconline-20</a>
942 ## - ADDED ENTRY ELEMENTS (KOHA)
Koha item type Book
Source of classification or shelving scheme
Holdings
Withdrawn status Lost status Source of classification or shelving scheme Damaged status Not for loan Permanent Location Current Location Shelving location Date acquired Full call number Barcode Date last seen Price effective from Koha item type
          School of Chemical & Materials Engineering (SCME) School of Chemical & Materials Engineering (SCME) General Stacks   808.0666 R5851 T SCME-3516 04/30/2021 04/30/2021 Book
© 2023 Central Library, National University of Sciences and Technology. All Rights Reserved.